00381nam a2200157Ia 45000010006000000050017000060080041000230410008000640820022000721000023000942450046001172600009001633000035001726500008002076540008002151833220260306171623.0260306s9999||||xx |||||||||||||| ||und|| aESP a658.403bR41 2016 aRender, BarryeAUT 0aMétodos cuantitativos para los negocios c2016 axviii, 587 páginas :c27 cm. aGEN aCAN